• 首页
  • 本馆介绍
  • 公告通知
  • 最新文献
  • 馆藏检索
  • 电子资源
  • 读者导购
  • 参考咨询
  • 我的图书馆
  • 登录
  • 详细信息显示
  • 放入我的书架
  • 预约/预借图书
  • 作者相关作品
  • 分类相关作品
  • 丛书相关作品
  • 出版社相关作品

书目信息

  • 表格格式
  • 工作单格式
  • 卡片格式
题名:
果树病虫草害管控优质农药158种
    
 
作者: 王江柱 , 徐扩 , 齐明星 编著
分册:  
出版信息: 北京   化学工业出版社  2019
页数: 287页
开本: 21cm
丛书名:
单 册:
中图分类: S436.6
科图分类:
主题词: 果树--Guo Shu--病虫害防治 , 果树--Guo Shu--农药施用
电子资源:
ISBN: 978-7-122-25700-0
000 01238nam0 2200289 45
001 012001003430
005 20140130155225.0
010    @a978-7-122-25700-0@dCNY28.00
099    @aCAL 012016021125
100    @a20160127d2016 em y0chiy50 ea
101 0  @achi
102    @aCN@b110000
105    @ay a 001yy
106    @ar
200 1  @a果树病虫草害管控优质农药158种@AGuo Shu Bing Chong Cao Hai Guan Kong You Zhi Nong Yao 158 Zhong@f王江柱, 徐扩, 齐明星编著
210    @a北京@c化学工业出版社@d2019
215    @a287页@d21cm
320    @a有书目 (第284页) 和索引
330    @a本书缜密选择了适用于果树病虫草害防控的158种优质农药进行阐述,其中杀菌剂90种、杀虫杀螨剂63种、除草剂5种。每种农药均分别阐述了其商品名称、主要含量与剂型、产品特点、适用果树、防控(除)对象、使用技术、注意事项等内容(混配制剂还阐明了有效成分),特别是“防控(除)对象和使用技术”部分,尽可能地归纳了产品登记范围、实际应用范围和试验示范推广范围,以方便查阅参考。
606 0  @a果树@AGuo Shu@x病虫害防治
606 0  @a果树@AGuo Shu@x农药施用
690    @aS436.6@v5
701  0 @a王江柱@AWang Jiangzhu@4编著
701  0 @a徐扩@AXu Kuo@4编著
701  0 @a齐明星@AQi Mingxing@4编著
801  0 @aCN@b北京卓展@c20191020
905    @b1211612-5@dS436.6@e161@f4
    
    果树病虫草害管控优质农药158种/王江柱, 徐扩, 齐明星编著.-北京:化学工业出版社,2019
    287页;21cm
    
    
    ISBN 978-7-122-25700-0:CNY28.00
    本书缜密选择了适用于果树病虫草害防控的158种优质农药进行阐述,其中杀菌剂90种、杀虫杀螨剂63种、除草剂5种。每种农药均分别阐述了其商品名称、主要含量与剂型、产品特点、适用果树、防控(除)对象、使用技术、注意事项等内容(混配制剂还阐明了有效成分),特别是“防控(除)对象和使用技术”部分,尽可能地归纳了产品登记范围、实际应用范围和试验示范推广范围,以方便查阅参考。
●
相关链接 在E读中查询图书 在五车中查询图书 在当当中查询图书 在豆瓣中查询图书


正题名:果树病虫草害管控优质农药158种     索取号:S436.6/161         预约/预借

序号 登录号 条形码 馆藏地/架位号 状态 备注
1 1211612   212116128   第二样本阅览室/ [索取号:S436.6/161] 在馆    
2 1211613   212116137   第三借阅区/ [索取号:S436.6/161] 在馆    
3 1211614   212116146   第三借阅区/ [索取号:S436.6/161] 在馆    
4 1211615   212116155   第三借阅区/ [索取号:S436.6/161] 在馆    
唐山师范学院图书馆 欢迎您!
大连网信软件有限公司© 版权所有